United Kingdom : Financial Sector Assessment Program Technical Notes and Detailed Standards Assessments.

This technical note reviews the Financial Sector Assessment Program of the United Kingdom. It examines the United Kingdom's public debt management practices using the IMF-World Bank Guidelines for Public Debt Management as a framework. It analyzes the government's Code for Fiscal Stability...

Celý popis

Podrobná bibliografie
Korporativní autor: International Monetary Fund
Médium: Časopis
Jazyk:English
Vydáno: Washington, D.C. : International Monetary Fund, 2003.
Edice:IMF Staff Country Reports; Country Report ; No. 2003/208
On-line přístup:Full text available on IMF
LEADER 01643cas a2200241 a 4500
001 AALejournalIMF008481
008 230101c9999 xx r poo 0 0eng d
020 |c 5.00 USD 
020 |z 9781451814200 
022 |a 1934-7685 
040 |a BD-DhAAL  |c BD-DhAAL 
110 2 |a International Monetary Fund. 
245 1 0 |a United Kingdom :   |b Financial Sector Assessment Program Technical Notes and Detailed Standards Assessments. 
264 1 |a Washington, D.C. :  |b International Monetary Fund,  |c 2003. 
300 |a 1 online resource (402 pages) 
490 1 |a IMF Staff Country Reports 
500 |a <strong>Off-Campus Access:</strong> No User ID or Password Required 
500 |a <strong>On-Campus Access:</strong> No User ID or Password Required 
506 |a Electronic access restricted to authorized BRAC University faculty, staff and students 
520 3 |a This technical note reviews the Financial Sector Assessment Program of the United Kingdom. It examines the United Kingdom's public debt management practices using the IMF-World Bank Guidelines for Public Debt Management as a framework. It analyzes the government's Code for Fiscal Stability, transparency, accountability, debt strategy, and risk management framework. It also provides a detailed assessment of the antimoney laundering and combating the financing of terrorism regime and compliance of the Basel Core Principles of the United Kingdom. 
538 |a Mode of access: Internet 
830 0 |a IMF Staff Country Reports; Country Report ;  |v No. 2003/208 
856 4 0 |z Full text available on IMF  |u http://elibrary.imf.org/view/journals/002/2003/208/002.2003.issue-208-en.xml  |z IMF e-Library